00480nam a22001577a 4500003000400000008004100004020001800045082001600063245006200079260005300141300001700194650003400211650004100245650001700286700001900303OSt260606b |||||||| |||| 00| 0 eng d a9789390660193 a631.4bR16F aFundamentals of Soil Science bby R. Rajeswari...[et al.] aDelhi: bSatish Serial Publishing House, c2023. aviii, 183 p. aTechnology (Applied sciences) aAgriculture and related technologies aSoil science aRajeswari, R.